Central Library OPAC University of Rajshahi

حضرت عمر کے سیاسی نظریے ;; hazrat amar ke siyasi nazariye / (Record no. 86506)

MARC details
000 -LEADER
fixed length control field 00754nam a2200217 4500
001 - CONTROL NUMBER
control field 86506
003 - CONTROL NUMBER IDENTIFIER
rucl marc code BD-RjUL
005 - DATE AND TIME OF LATEST TRANSACTION
control field 20260518142408.0
008 - FIXED-LENGTH DATA ELEMENTS--GENERAL INFORMATION
fixed length control field 260518s1958 pk ||||| |||| 00| 0 urd d
035 ## - SYSTEM CONTROL NUMBER
System control number (BD-RjUL) 86506
040 ## - CATALOGING SOURCE
Original cataloging agency BD-RjUL
Language of cataloging eng
Transcribing agency BD-RjUL
041 ## - LANGUAGE CODE
Language code of text/sound track or separate title urd
082 ## - DEWEY DECIMAL CLASSIFICATION NUMBER
Edition number 23
Classification number 320.55
Author mark and year KHH 1958
100 ## - MAIN ENTRY--PERSONAL NAME
Personal name خان، ابو یحییٰ امام ;; Khan, Abu Yahya Imam
9 (RLIN) 18516
245 ## - TITLE STATEMENT
Title حضرت عمر کے سیاسی نظریے ;; hazrat amar ke siyasi nazariye /
Statement of responsibility, etc. ابو یحییٰ امام خان ;; Abu Yahya Imam Khan
260 ## - PUBLICATION, DISTRIBUTION, ETC. (IMPRINT)
Place of publication, distribution, etc. Lahor :
Name of publisher, distributor, etc. Gawsha i adab,
Date of publication, distribution, etc. 1958
300 ## - PHYSICAL DESCRIPTION
Pagination 240 p. ;
Size 17 cm
650 ## - SUBJECT ADDED ENTRY--TOPICAL TERM
Topical term or geographic name as entry element Political ideology
Form subdivision Islam
9 (RLIN) 18517
Topical term or geographic name as entry element اسلامی حکومت و خلافت
9 (RLIN) 18518
942 ## - ADDED ENTRY ELEMENTS (KOHA)
Source of classification or shelving scheme Dewey Decimal Classification
Koha item type Books
Holdings
Lost status Source of classification or shelving scheme Damaged status Not for loan Collection code Permanent Location Current Location Shelving location Date acquired Total Checkouts Full call number Date last seen Copy number Koha item type
  Dewey Decimal Classification   Not For Loan Non-fiction Central Library, University of Rajshahi Central Library, University of Rajshahi Reading Room 18/05/2026   U 320.55 KHH 1958 18/05/2026 C-1 Books